000 00281nam a22001337a 4500
008 170715b xxu||||| |||| 00| 0 eng d
020 _a0881334057
041 _aeng
080 _a572
100 _a24
101 _aANT
245 _aNEST IN THE WIND
_cWARD,M.C
942 _2udc
_cBK
999 _c21086
_d21086